000 00354nam a2200157 4500
008 190712s1986||||xo d
100 1 _aDobson James
_91297
245 1 0 _aVýchova detí
250 _a1.vydanie
260 _bNová nádej
_aBratislava
_c1986
020 _c0
300 _a240 s.
041 1 _aslo
044 _axo
_cSK
958 _aA
999 _c22645
_d22645